Infrastructure Planning Commission website (Record no. 110115)
[ view plain ]
| 000 -LEADER | |
|---|---|
| fixed length control field | 00951cai a22001935a 4500 |
| 001 - CONTROL NUMBER | |
| control field | L148574 |
| 008 - FIXED-LENGTH DATA ELEMENTS--GENERAL INFORMATION | |
| fixed length control field | 091005u2012 xxk g 000 0 eng d |
| 035 ## - SYSTEM CONTROL NUMBER | |
| System control number | (Sirsi) u148574 |
| 041 0# - LANGUAGE CODE | |
| Language code of text/sound track or separate title | eng |
| 110 2# - MAIN ENTRY--CORPORATE NAME | |
| Corporate name or jurisdiction name as entry element | Infrastructure Planning Commission |
| 9 (RLIN) | 5799 |
| 245 00 - TITLE STATEMENT | |
| Title | Infrastructure Planning Commission website |
| Medium | [electronic resource] |
| 520 ## - SUMMARY, ETC. | |
| Summary, etc. | ABOLISHED 1st April 2012 because of 2011 Localism Act. |
| 520 ## - SUMMARY, ETC. | |
| Summary, etc. | Website of the Infrastructure Planning Commission (IPC). Set under the 2008 Planning Act, the IPC makes decisions on applications of nationally significant infrastructure projects. Presents the role of the IPC, projects under way, and relevant legislation. |
| 590 ## - LOCAL NOTE (RLIN) | |
| Local note | KA |
| 651 #4 - SUBJECT ADDED ENTRY--GEOGRAPHIC NAME | |
| Geographic name | United Kingdom |
| Chronological subdivision | |
| 690 ## - LOCAL SUBJECT ADDED ENTRY--TOPICAL TERM (OCLC, RLIN) | |
| Topical term or geographic name as entry element | ENVIRONMENTAL AND LAND CONSULTANCY-PLANNING AND DEVELOPMENT |
| 856 40 - ELECTRONIC LOCATION AND ACCESS | |
| Uniform Resource Identifier | <a href="https://www.infrastructure.communities.gov.uk/">https://www.infrastructure.communities.gov.uk/</a> |
| Public note | View the website free of charge at www.infrastructure.communities.gov.uk... |
| 942 ## - ADDED ENTRY ELEMENTS (KOHA) | |
| Suppress in OPAC | 0 |
| Withdrawn status | Lost status | Source of classification or shelving scheme | Damaged status | Not for loan | Home library | Current library | Shelving location | Date acquired | Total Checkouts | Full call number | Barcode | Date last seen | Copy number | Price effective from | Koha item type |
|---|---|---|---|---|---|---|---|---|---|---|---|---|---|---|---|
| Dewey Decimal Classification | Virtual | Virtual | Online | 05/10/2009 | ONLINE PUBLICATION | 148574-1001 | 06/08/2019 | 1 | 06/08/2019 | Online material |